<?xml version='1.0' encoding='UTF-8'?>
  <record xmlns="http://www.loc.gov/MARC21/slim">
    <leader>00000cam a2200000   4500</leader>
    <controlfield tag="001">ocm42969918</controlfield>
    <controlfield tag="003">OCoLC</controlfield>
    <controlfield tag="005">20240202180208.2</controlfield>
    <controlfield tag="008">991210s1873    ne            000 0 fre d</controlfield>
    <datafield tag="040" ind1=" " ind2=" ">
      <subfield code="a">COO</subfield>
      <subfield code="b">eng</subfield>
      <subfield code="c">COO</subfield>
      <subfield code="d">OCLCQ</subfield>
      <subfield code="d">OCLCG</subfield>
      <subfield code="d">OCLCQ</subfield>
      <subfield code="d">OCLCF</subfield>
      <subfield code="d">OCLCQ</subfield>
      <subfield code="d">OCLCO</subfield>
      <subfield code="d">OCL</subfield>
      <subfield code="d">OCLCQ</subfield>
      <subfield code="d">OCLCO</subfield>
      <subfield code="d">OCLCL</subfield>
    </datafield>
    <datafield tag="029" ind1="1" ind2=" ">
      <subfield code="a">NLGGC</subfield>
      <subfield code="b">862280486</subfield>
    </datafield>
    <datafield tag="035" ind1=" " ind2=" ">
      <subfield code="a">(OCoLC)42969918</subfield>
    </datafield>
    <datafield tag="043" ind1=" " ind2=" ">
      <subfield code="a">e-ne---</subfield>
    </datafield>
    <datafield tag="100" ind1="1" ind2=" ">
      <subfield code="a">Juste, Théodore,</subfield>
      <subfield code="d">1818-1888.</subfield>
      <subfield code="1">https://id.oclc.org/worldcat/entity/E39PBJqbpCJTWgwyFGRtJhx4bd</subfield>
    </datafield>
    <datafield tag="245" ind1="1" ind2="0">
      <subfield code="a">Guillaume le Taciturne,</subfield>
      <subfield code="b">d'après sa correspondence et les papiers d'état.</subfield>
    </datafield>
    <datafield tag="260" ind1=" " ind2=" ">
      <subfield code="a">La Haye,</subfield>
      <subfield code="b">Nijhoff,</subfield>
      <subfield code="c">1873.</subfield>
    </datafield>
    <datafield tag="300" ind1=" " ind2=" ">
      <subfield code="a">vii, 363 pages</subfield>
      <subfield code="c">23 cm</subfield>
    </datafield>
    <datafield tag="336" ind1=" " ind2=" ">
      <subfield code="a">text</subfield>
      <subfield code="b">txt</subfield>
      <subfield code="2">rdacontent</subfield>
    </datafield>
    <datafield tag="337" ind1=" " ind2=" ">
      <subfield code="a">unmediated</subfield>
      <subfield code="b">n</subfield>
      <subfield code="2">rdamedia</subfield>
    </datafield>
    <datafield tag="338" ind1=" " ind2=" ">
      <subfield code="a">volume</subfield>
      <subfield code="b">nc</subfield>
      <subfield code="2">rdacarrier</subfield>
    </datafield>
    <datafield tag="500" ind1=" " ind2=" ">
      <subfield code="a">At head of title: Fondation de la République des Provinces-unies.</subfield>
    </datafield>
    <datafield tag="600" ind1="0" ind2="0">
      <subfield code="a">William</subfield>
      <subfield code="b">I,</subfield>
      <subfield code="c">Prince of Orange,</subfield>
      <subfield code="d">1533-1584.</subfield>
    </datafield>
    <datafield tag="651" ind1=" " ind2="0">
      <subfield code="a">Netherlands</subfield>
      <subfield code="x">History</subfield>
      <subfield code="y">Eighty Years' War, 1568-1648.</subfield>
    </datafield>
    <datafield tag="651" ind1=" " ind2="6">
      <subfield code="a">Pays-Bas</subfield>
      <subfield code="x">Histoire</subfield>
      <subfield code="y">1568-1648 (Guerre de Quatre-Vingts Ans)</subfield>
    </datafield>
    <datafield tag="600" ind1="0" ind2="7">
      <subfield code="a">William</subfield>
      <subfield code="b">I,</subfield>
      <subfield code="c">Prince of Orange,</subfield>
      <subfield code="d">1533-1584.</subfield>
      <subfield code="2">fast</subfield>
      <subfield code="0">(OCoLC)fst00005447</subfield>
      <subfield code="1">https://id.oclc.org/worldcat/entity/E39PBJvMCXmgftjww6fMq9Vgrq</subfield>
    </datafield>
    <datafield tag="651" ind1=" " ind2="7">
      <subfield code="a">Netherlands.</subfield>
      <subfield code="2">fast</subfield>
      <subfield code="0">(OCoLC)fst01204034</subfield>
      <subfield code="1">https://id.oclc.org/worldcat/entity/E39PBJk4D96j3YTHJQfHCV3vpP</subfield>
    </datafield>
    <datafield tag="647" ind1=" " ind2="7">
      <subfield code="a">Eighty Years' War</subfield>
      <subfield code="c">(Netherlands :</subfield>
      <subfield code="d">1568-1648)</subfield>
      <subfield code="2">fast</subfield>
      <subfield code="0">(OCoLC)fst01802133</subfield>
      <subfield code="1">https://id.oclc.org/worldcat/entity/E39Qhp4vB9BhMdPpDKqdpQJCbm</subfield>
    </datafield>
    <datafield tag="648" ind1=" " ind2="7">
      <subfield code="a">1568-1648</subfield>
      <subfield code="2">fast</subfield>
    </datafield>
    <datafield tag="655" ind1=" " ind2="7">
      <subfield code="a">History.</subfield>
      <subfield code="2">fast</subfield>
      <subfield code="0">(OCoLC)fst01411628</subfield>
    </datafield>
    <datafield tag="758" ind1=" " ind2=" ">
      <subfield code="i">has work:</subfield>
      <subfield code="a">Guillaume le Taciturne (Text)</subfield>
      <subfield code="1">https://id.oclc.org/worldcat/entity/E39PCFTtYVrcy8FMqbQhJCb4xC</subfield>
      <subfield code="4">https://id.oclc.org/worldcat/ontology/hasWork</subfield>
    </datafield>
    <datafield tag="776" ind1="0" ind2="8">
      <subfield code="i">Online version:</subfield>
      <subfield code="a">Juste, Théodore, 1818-1888.</subfield>
      <subfield code="t">Guillaume le Taciturne.</subfield>
      <subfield code="d">La Haye, Nijhoff, 1873</subfield>
      <subfield code="w">(OCoLC)875186439</subfield>
    </datafield>
  </record>